000 00222nam a22000857a 4500
008 170527b xxu||||| |||| 00| 0 eng d
100 _93134
_aV. Thomas
245 _a30 LA Fontain Fables
260 _aBombay
_bBelter Your Self
_c1985
999 _c6426
_d6426